All Glue Gunner Upgrades - Bloons TD 6 - Statistics

General Stats
  • This quiz has been taken 16 times
  • The average score is 12 of 15
Answer Stats
Upgrade % Correct
MOAB Glue
100%
Relentless Glue
100%
Corrosive Glue
93%
Glue Splatter
93%
The Bloon Solver
93%
Glue Hose
87%
Glue Storm
87%
Stickier Glue
87%
Super Glue
87%
Glue Soak
80%
Stronger Glue
73%
Bloon Dissolver
67%
Bloon Liquefier
67%
Glue Strike
67%
Bigger Globs
60%
No matching quizzes found
Score Distribution
Percent of People with Each Score
Percentile by Number Answered
Your Score History
You have not taken this quiz